Normal view
MARC view
- Norman R.Draper Harry Smith
Entry Personal Name
001 - CONTROL NUMBER
- control field: 23941
003 - CONTROL NUMBER IDENTIFIER
- control field: NUST
005 - DATE AND TIME OF LATEST TRANSACTION
- control field: 20191015125713.0
008 - FIXED-LENGTH DATA ELEMENTS
- fixed length control field: 191015|| aca||aabn | a|a d
040 ## - CATALOGING SOURCE
- Original cataloging agency: NUST
- Transcribing agency: NUST
100 ## - HEADING--PERSONAL NAME
- Personal name: Norman R.Draper Harry Smith
670 ## - SOURCE DATA FOUND
- Source citation: Work cat.: (NUST): Norman R.Draper Harry Smith, Appllied Regression Analysis (Third Edition)
